El campo eléctrico /

Curso de física dividido en 52 programas de 29 minutos cada uno, contenidos en 13 videocassettes, que explica e ilustra la mécanica clásica, la electricidad y el magnetismo, la relatividad, las ondas, la óptica, el calor y la termodinámica y la física moderna e incluye discusiones sobre Copérnico, K...

وصف كامل

محفوظ في:
التفاصيل البيبلوغرافية
المؤلف الرئيسي: Goodstein, David L. (idea original)
مؤلفون آخرون: Buffa, Peter F. (producción) (producción), Rothschild, Mark (dirección) (dirección), Arnold, Jack (guión) (guión), Allen, Patrick (fotógrafo) (fotógrafo), Smith, Sharon (música) (música), Jimmerson, Herb (música) (música)
التنسيق: شريحة
اللغة:الإسبانية
منشور في: Pasadena, EUA : EUA : California Institute of Technology ; The Corporation for Community College Television : The Annenberg/CPB Project, 1985-1986
México : Instituto Latinoamericano de la Comunicación Educativa [dist.], 1998, c1998
سلاسل:(Universo Mecánico ; 8)
الموضوعات:
الوسوم: إضافة وسم
لا توجد وسوم, كن أول من يضع وسما على هذه التسجيلة!

MARC

LEADER 00000ngm^a2200000^a^4500
001 000135703
005 20250521000000.0
009 20260310095254.147
037 |a Acervo ITESO - Biblioteca 
041 |a ESP 
082 |a 530.  |b GOO V. 8 
100 |a Goodstein, David L.  |e (idea original) 
240 1 1 |a [Universo mecánico] 
245 1 3 |a El campo eléctrico /  |c Idea original de D.L. Goodstein ; prod. de P.F. Buffa. 
264 4 |a Pasadena, EUA :  |b California Institute of Technology ;  |a EUA :  |b The Corporation for Community College Television :  |b The Annenberg/CPB Project,  |c 1985-1986 
264 4 |a México :  |b Instituto Latinoamericano de la Comunicación Educativa [dist.],  |c 1998, c1998 
300 |a 1 videocasete VHS  |c (29, 29, 29, 29 min.) 
336 |a imagen móvil bidimensional  |b tdi  |2 rdacontenido 
337 |a video  |b v  |2 rdamedio 
338 |a videocasete  |b vf  |2 rdasoporte 
440 1 |a (Universo Mecánico ;  |v 8) 
500 |a Traducción de: The Mechanical Universe... and Beyond 
500 |a Traducción de: The Electric Field 
500 |a Traducción de: Capacitance and Potential 
500 |a Traducción de: Voltage, Energy, and Force 
500 |a Traducción de: The Electric Battery 
520 |a Curso de física dividido en 52 programas de 29 minutos cada uno, contenidos en 13 videocassettes, que explica e ilustra la mécanica clásica, la electricidad y el magnetismo, la relatividad, las ondas, la óptica, el calor y la termodinámica y la física moderna e incluye discusiones sobre Copérnico, Kepler, Newton y Einstein. El campo eléctrico; Potencial y capacitancia; Voltaje, energía y fuerza y La batería eléctrica son los títulos respectivos de los programas 29 al 32, reunidos en el octavo tomo de la serie. 
546 |a Doblaje al español 
649 |a XX 
650 |a Capacidad Eléctrica 
650 |a Electrostática 
650 |a Fuerza y Energía 
650 |a Baterías Eléctricas 
650 |a Física 
740 0 |a Potencial y capacitancia /  |c Idea original de D.L. Goodstein ; prod. de P.F. Buffa. 
740 0 |a Voltaje, energía y fuerza /  |c Idea original de D.L. Goodstein ; dir. de M. Rothschild ; prod. de P.F. Buffa. 
740 3 |a La batería eléctrica /  |c Idea original de D.L. Goodstein ; prod. de P.F. Buffa. 
700 |a Buffa, Peter F.  |e (producción) 
700 |a Rothschild, Mark  |e (dirección) 
700 |a Arnold, Jack  |e (guión) 
700 |a Allen, Patrick  |e (fotógrafo) 
700 |a Smith, Sharon  |e (música) 
700 |a Jimmerson, Herb  |e (música) 
910 |a Fondo General 
920 |a Audiovisuales - Videocasetes 
905 |a 301 
901 |a 0500055757  |b IT2  |c VIS  |u 20250521 
902 |a https://opac.biblio.iteso.mx/vufind/Record/000135703